[Event "GER-chT U14 Girls"]
[Site "Stuttgart"]
[Date "2007.12.29"]
[Round "6.4"]
[White "Zimmermann, Jasmin"]
[Black "Billepp, Dana Marie"]
[Result "1-0"]
[WhiteElo "854"]
[BlackElo "748"]
[PlyCount "109"]
[EventDate "2007.12.27"]
[EventType "team-swiss"]
[EventRounds "7"]
[EventCountry "GER"]
[SourceTitle "EXT 2009"]
[Source "ChessBase"]
[SourceDate "2008.11.26"]
[SourceVersion "1"]
[SourceVersionDate "2008.11.26"]
[SourceQuality "1"]
[WhiteTeam "Harksheide U14 Girls"]
[BlackTeam "Rossdorf SC Ladja U14 Girls"]
[WhiteTeamCountry "GER"]
[BlackTeamCountry "GER"]

1. d4 d5 2. Nc3 Nf6 3. Nf3 Bf5 4. Bg5 e6 5. e3 Be7 6. Bd3 Bg6 7. 0-0 h6 8. Bxf6 Bxf6 9. Bxg6 fxg6 10. Qe2 g5 11. Qb5+ c6 12. Qxb7 0-0 13. Qxa8 Qc7 14. Rad1 Rd8 15. Na4 Be7 16. Ne5 Rd6 17. Nc5 Qb6 18. Qb7 Qd8 19. Qxa7 Qf8 20. Ng6 Qe8 21. Nxe7+ Kh8 22. Ng6+ Kh7 23. Rd3 Kxg6 24. Rb3 Rd8 25. Re1 Kh7 26. c3 e5 27. Nb7 Rd7 28. Nd6 Rxd6 29. Qxb8 Qg6 30. dxe5 Re6 31. a4 Qd3 32. Ra3 Qd2 33. Raa1 Re7 34. a5 Rf7 35. Rf1 Qe2 36. a6 g4 37. e6 Rf5 38. e7 g3 39. fxg3 Rxf1+ 40. Rxf1 Qxe3+ 41. Kh1 Qe2 42. Rg1 Qxe7 43. a7 c5 44. a8Q d4 45. Qh8+ Kg6 46. Qae8+ Qxe8 47. Qxe8+ Kh7 48. cxd4 cxd4 49. Qe4+ Kg8 50. Qxd4 Kh7 51. Qe4+ Kg8 52. Rf1 h5 53. Qe6+ Kh7 54. Rf5 h4 55. Rh5# 1-0